[Event "Ch (team) (4th league)"]
[Site "Zagreb (Croatia)"]
[Date "2009.04.19"]
[Round "5"]
[White "Dol, Ivan"]
[Black "Blazeka, Djuro"]
[Result "1-0"]
[WhiteElo "2003"]
[BlackElo "1928"]
[PlyCount "94"]
[EventDate "2009.??.??"]
[EventRounds "11"]
[EventCountry "CRO"]
[SourceTitle "OM OTB B 201907"]
[Source "Opening Master"]
[SourceDate "2019.07.06"]
[SourceVersion "2"]
[SourceVersionDate "2019.07.06"]
[SourceQuality "1"]

1. e4 e5 2. Nf3 Nc6 3. c3 Nf6 4. d3 d5 5. exd5 Qxd5 6. Be2 Bf5 7. O-O O-O-O 8.
Bg5 Bxd3 9. Bxf6 gxf6 10. Ne1 Bxe2 11. Qxe2 Qd1 12. Qe3 Bd6 13. Qh3+ Kb8 14.
Nf3 Qc2 15. Na3 Bxa3 16. bxa3 Qxc3 17. Qf5 Qxa3 18. Qxf6 Rhg8 19. Nxe5 Nxe5 20.
Qxe5 Qd6 21. Qh5 Qd5 22. Qh3 Qd3 23. g3 Qf3 24. Rae1 h5 25. Re3 Qg4 26. Qg2 f5
27. Rb3 b6 28. Rf3 Rd2 29. a4 Rgd8 30. h3 Qe4 31. a5 Rd1 32. Rxd1 Rxd1+ 33. Kh2
b5 34. a6 Ra1 35. Rxf5 Qxg2+ 36. Kxg2 c6 37. g4 hxg4 38. hxg4 b4 39. Rf8+ Kc7
40. Rf7+ Kb6 41. g5 Kxa6 42. g6 b3 43. g7 b2 44. g8=Q b1=Q 45. Qc8+ Kb6 46.
Rb7+ Kc5 47. Rxb1 Rxb1 1-0

[Event "St Quentin op 11th"]
[Site "Elancourt"]
[Date "2009.04.19"]
[Round "2"]
[White "Boussaha, Bilal"]
[Black "Lebrun, Xavier"]
[Result "0-1"]
[WhiteElo "1957"]
[BlackElo "2210"]
[PlyCount "34"]
[EventDate "2009.04.18"]
[EventType "swiss"]
[EventRounds "9"]
[EventCountry "FRA"]
[SourceTitle "CBM 129 Extra"]
[Source "ChessBase"]
[SourceDate "2009.05.05"]
[SourceVersion "2"]
[SourceVersionDate "2009.05.20"]
[SourceQuality "1"]

1. e4 e5 2. Nf3 Nc6 3. c3 d5 4. Qa4 Bd7 5. exd5 Nd4 6. Qd1 Nxf3+ 7. Qxf3 f5 8.
Bc4 Bd6 9. d3 Nf6 10. Bg5 O-O 11. O-O Qe8 12. Nd2 Qg6 13. Bxf6 Rxf6 14. Rfe1
Raf8 15. Nf1 Qg5 16. Ng3 Rh6 17. h3 Qh4 0-1

[Event "BEL-ch U16"]
[Site "Houffalize"]
[Date "2009.04.16"]
[Round "6"]
[White "Roeygens, Lodewijk"]
[Black "Gijsen, Michelle"]
[Result "1/2-1/2"]
[WhiteElo "1347"]
[BlackElo "1679"]
[PlyCount "55"]
[EventDate "2009.04.13"]
[EventType "swiss"]
[EventRounds "9"]
[EventCountry "BEL"]
[SourceTitle "EXT 2012"]
[Source "ChessBase"]
[SourceDate "2011.11.24"]
[SourceVersion "1"]
[SourceVersionDate "2011.11.24"]
[SourceQuality "1"]

1. e4 e5 2. Nf3 Nc6 3. c3 Nf6 4. d4 exd4 5. cxd4 Bb4+ 6. Bd2 Bxd2+ 7. Nbxd2 d5
8. e5 Ne4 9. h3 Bf5 10. Bb5 O-O 11. O-O a6 12. Ba4 Qe7 13. Re1 Kh8 14. Bc2 Nxd2
15. Qxd2 Bxc2 16. Qxc2 Qb4 17. Qc3 Qb6 18. Rad1 h6 19. Nh4 Rae8 20. Kh1 Re6 21.
f4 Nd8 22. b3 Rc6 23. Qf3 Ne6 24. f5 Nxd4 25. Qxd5 Nb5 26. Qd2 Re8 27. Rc1 Rxc1
28. Qxc1 1/2-1/2

[Event "League division B2"]
[Site "http://gameknot.com/chess.pl?"]
[Date "2009.04.16"]
[Round "?"]
[White "Valeriuzaharia"]
[Black "Hurnavich"]
[Result "1/2-1/2"]
[WhiteElo "2033"]
[BlackElo "2220"]
[PlyCount "98"]
[EventDate "2009.??.??"]
[SourceTitle "OM Portal C 201906"]
[Source "Opening Master"]
[SourceDate "2019.06.27"]
[SourceVersion "1"]
[SourceVersionDate "2019.06.27"]
[SourceQuality "1"]

1. e4 e5 2. Nf3 Nc6 3. c3 Nf6 4. d4 Nxe4 5. d5 Ne7 6. Nxe5 Ng6 7. Qe2 Qe7 8.
Qxe4 Qxe5 9. Nd2 b6 10. Qxe5+ Nxe5 11. Nc4 Nxc4 12. Bxc4 Bd6 13. O-O f6 14.
Re1+ Kf7 15. a4 a5 16. b3 Re8 17. Rxe8 Kxe8 18. Be3 Bb7 19. Re1 Kf8 20. f4 Re8
21. Kf2 Ba3 22. Re2 Re7 23. g4 Re8 24. h4 Bd6 25. h5 Bc5 26. Bxc5+ bxc5 27. Rd2
Ke7 28. Be2 g6 29. hxg6 hxg6 30. Bd3 Rg8 31. c4 g5 32. Kg3 Kd6 33. fxg5 fxg5
34. Rh2 Re8 35. Bf5 Re3+ 36. Kf2 Rxb3 37. Rh7 Ke5 38. Rxd7 Ba6 39. Rxc7 Bxc4
40. Rxc5 Kd4 41. Rxa5 Rb2+ 42. Kg3 Bxd5 43. Ra7 Rg2+ 44. Kh3 Ra2 45. Ra6 Ra3+
46. Kh2 Ra1 47. a5 Ke3 48. Kg3 Ra3 49. Be6 Kd4+ 1/2-1/2

[Event "MGL-ch (Women)"]
[Site "Ulaanbaatar"]
[Date "2009.04.15"]
[Round "5"]
[White "Enkhtuul, Altanulzii"]
[Black "Batzaya, Yanjin"]
[Result "0-1"]
[WhiteElo "2036"]
[BlackElo "2070"]
[PlyCount "96"]
[EventDate "2009.04.11"]
[EventType "tourn"]
[EventRounds "13"]
[EventCountry "MGL"]
[SourceTitle "CBM 130 Extra"]
[Source "ChessBase"]
[SourceDate "2009.07.02"]
[SourceVersion "2"]
[SourceVersionDate "2009.07.15"]
[SourceQuality "1"]

1. e4 e5 2. Nf3 Nc6 3. c3 Nf6 4. Qa4 Bc5 5. b4 Bb6 6. b5 Nb8 7. Nxe5 Qe7 8. d4
d6 9. Ba3 Nxe4 10. Bc4 f6 11. O-O fxe5 12. Re1 Qh4 13. g3 Qg4 14. Bd5 Ng5 15.
Kg2 Qh3+ 16. Kh1 Qf5 17. Nd2 Nh3 18. f4 Nf2+ 19. Kg2 Ng4 20. Nf3 Nf6 21. Nxe5
Nxd5 22. Ng6+ Kd8 23. Nxh8 Be6 24. Rac1 Nd7 25. Qc2 Qh3+ 26. Kh1 Nxf4 27. Rxe6
Nxe6 28. Re1 Nf6 29. Nf7+ Kd7 30. Qd2 Rf8 31. Ng5 Nxg5 32. Qxg5 Rf7 33. Qe3 Qf5
34. Bb4 Qd5+ 35. Kg1 a5 36. bxa6 bxa6 37. g4 Kc6 38. g5 Nh5 39. a4 Nf4 40. Qg3
a5 41. Ba3 Kb7 42. Bc1 Qf5 43. Qf3+ d5 44. Bxf4 Qxf4 45. Qxd5+ Ka7 46. Qg2 Qf3
47. Qd2 Rf4 48. h4 Qg3+ 0-1

[Event "CRO-chT U20 18th"]
[Site "Sv Filip i Jakov"]
[Date "2009.04.15"]
[Round "4"]
[White "Jerkovic, Maroje"]
[Black "Blazeka, Matej"]
[Result "0-1"]
[WhiteElo "1756"]
[BlackElo "2013"]
[PlyCount "102"]
[EventDate "2009.04.14"]
[EventType "team-tourn"]
[EventRounds "11"]
[EventCountry "CRO"]
[SourceTitle "CBM 129 Extra"]
[Source "ChessBase"]
[SourceDate "2009.05.05"]
[SourceVersion "2"]
[SourceVersionDate "2009.05.20"]
[SourceQuality "1"]

1. e4 e5 2. Nf3 Nc6 3. c3 Nf6 4. d4 exd4 5. e5 Nd5 6. cxd4 d6 7. Bb5 Bd7 8. O-O
a6 9. Bc4 Nb6 10. Bb3 Be7 11. Bf4 dxe5 12. dxe5 O-O 13. Re1 Rc8 14. Nc3 Bg4 15.
Qxd8 Rfxd8 16. e6 Bxe6 17. Bxe6 fxe6 18. Rxe6 Nc4 19. b3 Nb2 20. h3 Nd3 21. Bg5
Bxg5 22. Nxg5 Nc5 23. Re3 h6 24. Nge4 Nxe4 25. Nxe4 Nb4 26. Re2 b6 27. a3 Nc6
28. Re3 Nd4 29. Rc1 c5 30. Kf1 Rc6 31. Rd3 Rdc8 32. Rcd1 Re6 33. f3 Rf8 34. Kg1
Rc8 35. Kf2 Rf8 36. Kg1 Rc8 37. Kf2 Rf8 38. Kg1 Rc8 39. b4 Rcc6 40. bxc5 bxc5
41. Kf2 h5 42. Nxc5 Re2+ 43. Kf1 Rxc5 44. Rxd4 Rcc2 45. Rd8+ Kh7 46. R1d5 Rf2+
47. Ke1 Rxg2 48. Kf1 Rgf2+ 49. Ke1 Rce2+ 50. Kd1 Ra2 51. Ke1 Rh2 0-1

[Event "NRW-ch U12"]
[Site "Kranenburg"]
[Date "2009.04.15"]
[Round "4"]
[White "Wolff, Christopher"]
[Black "Ruehl, Andreas"]
[Result "1-0"]
[WhiteElo "1516"]
[BlackElo "1398"]
[PlyCount "142"]
[EventDate "2009.04.13"]
[EventType "swiss"]
[EventRounds "7"]
[EventCountry "GER"]
[SourceTitle "EXT 2010"]
[Source "ChessBase"]
[SourceDate "2009.11.30"]
[SourceVersion "1"]
[SourceVersionDate "2009.11.30"]
[SourceQuality "1"]

1. e4 e5 2. Nf3 Nc6 3. c3 d5 4. Qa4 dxe4 5. Nxe5 Bd7 6. Nxd7 Qxd7 7. Qxe4+ Be7
8. Bb5 Nf6 9. Bxc6 Nxe4 10. Bxd7+ Kxd7 11. O-O Rad8 12. d4 h6 13. f3 Nf6 14.
Nd2 Kc8 15. Ne4 Nd5 16. Bd2 f5 17. Nf2 Bd6 18. Nd3 Rhe8 19. Rfe1 g5 20. c4 Nf6
21. d5 Bf8 22. Bc3 Bg7 23. Nc5 Bh8 24. Rad1 Rg8 25. Re6 Nd7 26. Nxd7 Bxc3 27.
bxc3 Rxd7 28. Rde1 h5 29. Re8+ Rd8 30. Rxg8 Rxg8 31. Re5 Rf8 32. Kf2 Kd7 33.
Ke3 Kd6 34. f4 g4 35. Kd3 h4 36. Re6+ Kc5 37. Re7 c6 38. Rxb7 cxd5 39. Rb5+ Kc6
40. Rxd5 Rf6 41. Kd4 Re6 42. Kd3 Re1 43. Rxf5 Rg1 44. Rh5 Rxg2 45. Rxh4 Rxa2
46. Rxg4 Rxh2 47. Rg6+ Kc7 48. c5 Rh4 49. Rf6 a6 50. Kc4 Rh8 51. Rxa6 Rf8 52.
Kb5 Rxf4 53. Ra7+ Kb8 54. Re7 Rf1 55. Kb6 Rb1+ 56. Kc6 Rh1 57. Re8+ Ka7 58. Rd8
Rh6+ 59. Kc7 Rh7+ 60. Rd7 Rh6 61. c6 Rh8 62. c4 Rg8 63. c5 Rh8 64. Rd4 Rh7+ 65.
Kc8 Rh8+ 66. Rd8 Rh6 67. c7 Rh7 68. Re8 Rh1 69. Re3 Ra1 70. Rd3 Ra2 71. Kd7 Ra4
1-0

[Event "MGL-ch (Women)"]
[Site "Ulaanbaatar"]
[Date "2009.04.13"]
[Round "3"]
[White "Enkhtuul, Altanulzii"]
[Black "Otgonjargal, Sengeravdan"]
[Result "1-0"]
[WhiteElo "2036"]
[BlackElo "2142"]
[PlyCount "95"]
[EventDate "2009.04.11"]
[EventType "tourn"]
[EventRounds "13"]
[EventCountry "MGL"]
[SourceTitle "CBM 130 Extra"]
[Source "ChessBase"]
[SourceDate "2009.07.02"]
[SourceVersion "2"]
[SourceVersionDate "2009.07.15"]
[SourceQuality "1"]

1. e4 e5 2. Nf3 Nc6 3. c3 Be7 4. d4 d6 5. h3 Nf6 6. Bd3 O-O 7. a3 Re8 8. O-O h6
9. Re1 Bf8 10. Bc2 a6 11. Nbd2 g6 12. Nf1 Nh5 13. Rb1 Bg7 14. Be3 Qf6 15. N1h2
Nf4 16. d5 Nb8 17. Ng4 Qe7 18. Bxf4 Bxg4 19. hxg4 exf4 20. Qd2 Qf6 21. c4 c6
22. c5 cxd5 23. Ba4 Nc6 24. exd5 Rxe1+ 25. Rxe1 Ne5 26. Nxe5 dxe5 27. f3 Rd8
28. Re4 Qg5 29. d6 h5 30. gxh5 Qxh5 31. Bb3 Bf6 32. Qd5 Rf8 33. Bc4 g5 34. b4
Kg7 35. Qxb7 g4 36. fxg4 Qxg4 37. Qd5 Qg6 38. Re1 Rh8 39. d7 Qh5 40. Kf1 Rd8
41. c6 Qh1+ 42. Ke2 Qh5+ 43. Qf3 Qf5 44. Bd3 e4 45. Bxe4 Qe5 46. Rc1 Qe7 47.
Qg4+ Kf8 48. Qxf4 1-0

[Event "Unterfranken-ch M1 60th"]
[Site "Obernau"]
[Date "2009.04.13"]
[Round "1"]
[White "Schmid, Roland2"]
[Black "Hofstetter, Hans Joachim"]
[Result "0-1"]
[WhiteElo "2096"]
[BlackElo "2137"]
[PlyCount "86"]
[EventDate "2009.04.13"]
[EventType "swiss"]
[EventRounds "9"]
[EventCountry "GER"]
[SourceTitle "EXT 2015"]
[Source "ChessBase"]
[SourceDate "2014.11.20"]
[SourceVersion "1"]
[SourceVersionDate "2014.11.20"]
[SourceQuality "1"]

1. e4 e5 2. Nf3 Nc6 3. c3 Nf6 4. d4 Nxe4 5. d5 Ne7 6. Nxe5 Ng6 7. Nxg6 hxg6 8.
Nd2 Nf6 9. Nf3 Qe7+ 10. Be2 Qe4 11. c4 Bc5 12. O-O O-O 13. h3 d6 14. Re1 Bf5
15. Bf1 Qc2 16. Qxc2 Bxc2 17. Re2 Be4 18. Ng5 Rfe8 19. g4 b5 20. b3 bxc4 21.
bxc4 Rab8 22. Be3 Bd3 23. Ree1 Bxe3 24. fxe3 Be4 25. Be2 Rb2 26. Bd1 Nh7 27.
Nxh7 Kxh7 28. Re2 Reb8 29. Rxb2 Rxb2 30. Bb3 Rg2+ 31. Kf1 Rh2 32. Rd1 Rxh3 33.
Kf2 Rf3+ 34. Ke2 Rg3 35. Rd4 Rxg4 36. Kd2 Bf5 37. Rxg4 Bxg4 38. e4 f6 39. Ke3
Kh6 40. Kd4 Kg5 41. c5 Kf4 42. c6 Bf3 43. Bc2 g5 0-1

[Event "League division B2"]
[Site "http://gameknot.com/chess.pl?"]
[Date "2009.04.13"]
[Round "?"]
[White "Hurnavich"]
[Black "Valeriuzaharia"]
[Result "1-0"]
[WhiteElo "2220"]
[BlackElo "2033"]
[PlyCount "41"]
[EventDate "2009.??.??"]
[SourceTitle "OM Portal C 201906"]
[Source "Opening Master"]
[SourceDate "2019.06.27"]
[SourceVersion "1"]
[SourceVersionDate "2019.06.27"]
[SourceQuality "1"]

1. e4 e5 2. Nf3 Nc6 3. c3 Nf6 4. d4 d5 5. Nxe5 Nxe5 6. dxe5 Nxe4 7. Bd3 Nc5 8.
Bc2 Be7 9. O-O O-O 10. b4 Ne6 11. f4 h6 12. f5 Ng5 13. f6 gxf6 14. Bxg5 fxg5
15. Qd3 f5 16. exf6 Rxf6 17. Qh7+ Kf8 18. Nd2 Bf5 19. Bxf5 Bd6 20. Rae1 Bf4 21.
Be6 1-0

[Event "Oslo Eikrem Memorial"]
[Site "Oslo"]
[Date "2009.04.12"]
[Round "9"]
[White "Trygstad, Kristian"]
[Black "Johannessen, Leif Erlend"]
[Result "0-1"]
[WhiteElo "2314"]
[BlackElo "2540"]
[PlyCount "66"]
[EventDate "2009.04.04"]
[EventType "tourn"]
[EventRounds "9"]
[EventCountry "NOR"]
[EventCategory "10"]
[SourceTitle "CBM 129 Extra"]
[Source "ChessBase"]
[SourceDate "2009.05.05"]
[SourceVersion "2"]
[SourceVersionDate "2009.05.20"]
[SourceQuality "1"]

1. e4 e5 2. Nf3 Nc6 3. c3 Nf6 4. d4 exd4 5. e5 Nd5 6. cxd4 Bb4+ 7. Bd2 Bxd2+ 8.
Qxd2 d6 9. Nc3 Nxc3 10. Qxc3 O-O 11. Be2 Be6 12. O-O Bd5 13. Rad1 Re8 14. Bc4
Bxc4 15. Qxc4 Qd7 16. Rfe1 Rad8 17. Rd2 Qg4 18. h3 Qf4 19. Rde2 dxe5 20. Re4
Qf5 21. dxe5 h6 22. b4 a6 23. a4 Qd7 24. b5 axb5 25. axb5 Na5 26. Qb4 b6 27.
Rd4 Qe6 28. Red1 c5 29. bxc6 Nxc6 30. Qb5 Nxd4 31. Nxd4 Qxe5 32. Qxb6 Rd6 33.
Qb1 Rxd4 0-1

[Event "Pobeskydy ArcelorMittal op"]
[Site "Frydek Mistek"]
[Date "2009.04.12"]
[Round "7"]
[White "Motyka, Michal"]
[Black "Kovac, Andrej"]
[Result "1-0"]
[WhiteElo "2394"]
[BlackElo "2101"]
[PlyCount "90"]
[EventDate "2009.04.09"]
[EventType "swiss"]
[EventRounds "9"]
[EventCountry "CZE"]
[SourceTitle "CBM 129 Extra"]
[Source "ChessBase"]
[SourceDate "2009.05.05"]
[SourceVersion "2"]
[SourceVersionDate "2009.05.20"]
[SourceQuality "1"]

1. e4 e5 2. Nf3 Nc6 3. c3 Nf6 4. d4 exd4 5. e5 Nd5 6. cxd4 d6 7. Bc4 Nb6 8. Bb3
d5 9. O-O Bg4 10. Be3 Qd7 11. Nc3 O-O-O 12. Na4 h6 13. Rc1 Qf5 14. Nc5 Be7 15.
Bc2 Qh5 16. Bd3 Nc4 17. b3 Bxc5 18. bxc4 Bxd4 19. cxd5 Nxe5 20. Bf4 Bxf3 21.
gxf3 Rd7 22. Bb5 Rxd5 23. Qb3 Rxb5 24. Rxc7+ Kb8 25. Qxb5 Nxf3+ 26. Kh1 Qxb5
27. Rc5+ Be5 28. Bxe5+ Nxe5 29. Rxb5 f6 30. Rd1 Rc8 31. Rd2 g5 32. Kg2 h5 33.
h3 Rc3 34. Rd6 Nd3 35. Rxf6 Nf4+ 36. Kg1 Nxh3+ 37. Kh2 a6 38. Rb3 Rxb3 39. axb3
Nf4 40. Rf5 Nd3 41. Kg1 Nc1 42. b4 Nd3 43. b5 a5 44. b6 Kc8 45. Rxa5 Kd7 1-0

[Event "Doeberl Cup Minor 47th"]
[Site "Canberra"]
[Date "2009.04.12"]
[Round "5"]
[White "Beare, Nick"]
[Black "Kolotas, Harry"]
[Result "1/2-1/2"]
[WhiteElo "1182"]
[BlackElo "1454"]
[PlyCount "60"]
[EventDate "2009.04.10"]
[EventType "swiss"]
[EventRounds "6"]
[EventCountry "AUS"]
[SourceTitle "CBM 129 Extra"]
[Source "ChessBase"]
[SourceDate "2009.05.05"]
[SourceVersion "2"]
[SourceVersionDate "2009.05.20"]
[SourceQuality "1"]

1. e4 e5 2. Nf3 Nc6 3. c3 d5 4. Qa4 Qd6 5. Bb5 Bd7 6. d4 exd4 7. Nxd4 Nxd4 8.
Bxd7+ Qxd7 9. Qxd4 Nf6 10. exd5 Qxd5 11. Qxd5 Nxd5 12. O-O O-O-O 13. Nd2 Bc5
14. Nb3 Bd6 15. Re1 Rhe8 16. Bd2 Nb6 17. Kf1 Nc4 18. Rxe8 Rxe8 19. Bc1 g6 20.
Nd2 Nxd2+ 21. Bxd2 f5 22. Re1 Rxe1+ 23. Kxe1 f4 24. Ke2 Kd7 25. Kf3 g5 26. Kg4
h6 27. Kf5 Ke8 28. c4 Kf7 29. b4 b6 30. a4 a6 1/2-1/2

[Event "Mittelfranken-ch NT 58th"]
[Site "Postbauer"]
[Date "2009.04.11"]
[Round "7"]
[White "Babichev, Vyacheslav"]
[Black "Holland, Arthur"]
[Result "1-0"]
[WhiteElo "1714"]
[BlackElo "1583"]
[PlyCount "27"]
[EventDate "2009.04.08"]
[EventType "swiss"]
[EventRounds "7"]
[EventCountry "GER"]
[SourceTitle "EXT 2015"]
[Source "ChessBase"]
[SourceDate "2014.11.20"]
[SourceVersion "1"]
[SourceVersionDate "2014.11.20"]
[SourceQuality "1"]

1. e4 e5 2. Nf3 Nc6 3. c3 Nf6 4. d4 exd4 5. e5 Nd5 6. Qb3 Nb6 7. cxd4 d5 8. Bb5
Bd7 9. O-O Na5 10. Bxd7+ Qxd7 11. Qd3 O-O-O 12. Re1 Re8 13. Bd2 Nac4 14. Bc1
1-0

[Event "MGL-ch (Women)"]
[Site "Ulaanbaatar"]
[Date "2009.04.11"]
[Round "1"]
[White "Enkhtuul, Altanulzii"]
[Black "Yanjindulan, Dolgorsuren"]
[Result "1/2-1/2"]
[WhiteElo "2036"]
[BlackElo "2271"]
[PlyCount "113"]
[EventDate "2009.04.11"]
[EventType "tourn"]
[EventRounds "13"]
[EventCountry "MGL"]
[SourceTitle "CBM 130 Extra"]
[Source "ChessBase"]
[SourceDate "2009.07.02"]
[SourceVersion "2"]
[SourceVersionDate "2009.07.15"]
[SourceQuality "1"]

1. e4 e5 2. Nf3 Nc6 3. c3 d6 4. d4 Bg4 5. Be2 Nf6 6. Qd3 a6 7. Bg5 Be7 8. Nbd2
O-O 9. h3 Bh5 10. d5 Nb8 11. g4 Bg6 12. Nh4 Nxd5 13. Nxg6 hxg6 14. Bxe7 Nxe7
15. O-O-O Nd7 16. h4 Nc5 17. Qg3 b5 18. h5 g5 19. Qe3 Ne6 20. Nf1 Nf4 21. Ng3
Kh7 22. Nf5 Nxf5 23. exf5 Kh6 24. Bd3 f6 25. Be4 Rb8 26. Qf3 Rb6 27. Bc6 Rf7
28. Rhe1 Re7 29. Kb1 a5 30. b3 a4 31. b4 Qg8 32. Qe4 Qc4 33. Qxc4 bxc4 34. Bd5
c6 35. Bxc4 d5 36. Bd3 c5 37. a3 d4 38. Bc4 Rc7 39. cxd4 cxb4 40. dxe5 bxa3+
41. Ka1 Rb8 42. Ba2 fxe5 43. Bb1 Rc6 44. Rxe5 Rcb6 45. Ba2 Rc8 46. Bb1 Rcb8 47.
Re3 Rb3 48. Re4 Nd5 49. Rxd5 Rxb1+ 50. Ka2 R8b2+ 51. Kxa3 Rb3+ 52. Ka2 R3b2+
53. Ka3 Rb3+ 54. Ka2 R1b2+ 55. Ka1 Rb1+ 56. Ka2 R1b2+ 57. Ka1 1/2-1/2

[Event "FICS rated standard game"]
[Site "FICS freechess.org"]
[Date "2009.04.11"]
[Round "?"]
[White "devseth"]
[Black "enkenovich"]
[Result "1-0"]
[WhiteElo "2403"]
[BlackElo "2213"]
[PlyCount "59"]
[EventDate "2009.??.??"]
[SourceTitle "OM Portal C 201906"]
[Source "Opening Master"]
[SourceDate "2019.06.27"]
[SourceVersion "1"]
[SourceVersionDate "2019.06.27"]
[SourceQuality "1"]

1. e4 e5 2. Nf3 Nc6 3. c3 Nf6 4. d4 Nxe4 5. d5 Ne7 6. Nxe5 Ng6 7. Qf3 Nf6 8.
Nxg6 hxg6 9. Bf4 Qe7+ 10. Be2 d6 11. Qd3 a6 12. O-O Nxd5 13. Qxd5 Qxe2 14. Nd2
Qb5 15. Rfe1+ Be7 16. Qd4 Kf8 17. a4 Qf5 18. Qe3 Be6 19. Nf3 Bf6 20. Rad1 Re8
21. Nd4 Bxd4 22. Rxd4 Bd7 23. Re4 Rxe4 24. Qxe4 Qxe4 25. Rxe4 Bc6 26. Rd4 f6
27. b3 b5 28. a5 Bd7 29. f3 g5 30. Be3 1-0

[Event "Doeberl Cup U1200 47th"]
[Site "Canberra"]
[Date "2009.04.10"]
[Round "4"]
[White "Galli, Karl"]
[Black "Skinner, Isaac"]
[Result "1-0"]
[WhiteElo "1061"]
[BlackElo "202"]
[PlyCount "59"]
[EventDate "2009.04.10"]
[EventType "swiss"]
[EventRounds "6"]
[EventCountry "AUS"]
[SourceTitle "CBM 129 Extra"]
[Source "ChessBase"]
[SourceDate "2009.05.05"]
[SourceVersion "2"]
[SourceVersionDate "2009.05.20"]
[SourceQuality "1"]

1. e4 e5 2. Nf3 Nc6 3. c3 Nf6 4. d3 d5 5. Qc2 Be6 6. h3 Bd6 7. Bg5 Qe7 8. Nbd2
O-O 9. g4 Rfe8 10. a3 Rad8 11. Be2 b6 12. Bh4 a5 13. g5 Nd7 14. g6 f6 15. gxh7+
Kxh7 16. exd5 Bxd5 17. c4 Bxf3 18. Bxf3 Nd4 19. Be4+ g6 20. Qd1 f5 21. Bxe7
Rxe7 22. Bg2 Rde8 23. O-O Nc5 24. Nb3 e4 25. Nxd4 exd3 26. Qd2 Be5 27. Nc6 Re6
28. Rab1 Rd6 29. Bd5 Nb3 30. Qxd3 1-0

[Event "FICGS__CHESS__UNRATED_TOURNAMENT__00000"]
[Site "FICGS"]
[Date "2009.04.10"]
[Round "1"]
[White "D'Ettorre, Rodolfo"]
[Black "Davis, Mark"]
[Result "1-0"]
[WhiteElo "1909"]
[BlackElo "1496"]
[PlyCount "51"]
[EventDate "2009.??.??"]
[SourceTitle "OM Corr 202003"]
[Source "Opening Master"]
[SourceDate "2019.05.30"]
[SourceVersion "2"]
[SourceVersionDate "2019.05.30"]
[SourceQuality "1"]

1. e4 e5 2. Nf3 Nc6 3. c3 d5 4. Qa4 Nf6 5. Nxe5 Bd7 6. Nxd7 Qxd7 7. exd5 Qxd5
8. Qc4 Qe5+ 9. Be2 O-O-O 10. d4 Qe4 11. O-O Qg6 12. Nd2 Bd6 13. Nf3 h5 14. Bd3
Ne4 15. d5 Rhe8 16. dxc6 bxc6 17. Nd4 f5 18. Qa6+ Kd7 19. Qxc6+ Ke7 20. f3 Nc5
21. b4 Kf8 22. Bxf5 Qf6 23. bxc5 Bxh2+ 24. Kxh2 Qxc6 25. Nxc6 Rd5 26. Nd4 1-0

[Event "Niedersachsen-ch Girls"]
[Site "Rotenburg"]
[Date "2009.04.07"]
[Round "5"]
[White "Kolbach, Juliane"]
[Black "Hiniborch, Julia"]
[Result "1-0"]
[WhiteElo "1161"]
[BlackElo "1077"]
[PlyCount "119"]
[EventDate "2009.04.04"]
[EventType "swiss"]
[EventRounds "9"]
[EventCountry "GER"]
[SourceTitle "EXT 2010"]
[Source "ChessBase"]
[SourceDate "2009.11.30"]
[SourceVersion "1"]
[SourceVersionDate "2009.11.30"]
[SourceQuality "1"]

1. e4 e5 2. Nf3 Nc6 3. c3 Nf6 4. d3 Be7 5. Bg5 d6 6. Be2 Qd7 7. Qd2 b6 8. O-O
h6 9. Bxf6 Bxf6 10. d4 Bb7 11. d5 Ne7 12. b4 O-O 13. a4 c6 14. c4 a6 15. Nc3 b5
16. axb5 axb5 17. cxb5 cxd5 18. exd5 Rab8 19. Ra7 Nc8 20. Raa1 Nb6 21. Rfc1 Ba8
22. Rd1 Rfe8 23. Qa2 e4 24. Nd4 Qb7 25. Nc6 Bxc3 26. Rac1 Bf6 27. Nxb8 Rxb8 28.
Bc4 Nxc4 29. Rxc4 Qxb5 30. Rxe4 Bc3 31. Qb3 Bxb4 32. Rb1 Qc5 33. Rxb4 Rxb4 34.
Qxb4 Qxd5 35. Qg4 Bc6 36. Rd1 Qc5 37. Qd4 Qxd4 38. Rxd4 d5 39. Rb4 Kf8 40. Rb6
Ba4 41. f3 f6 42. Kf2 Ke7 43. Ke3 Kd7 44. Kd4 Kc7 45. Kc5 d4 46. Rb4 Bc2 47.
Rxd4 h5 48. Rd2 Bf5 49. Kd5 Kd7 50. Rb2 Kc7 51. Rb5 g6 52. Rc5+ Kd7 53. Rc6 Ke7
54. Rc7+ Ke8 55. h3 Bd7 56. Kd6 Ba4 57. Ke6 Kf8 58. Kxf6 Be8 59. Rh7 g5 60.
Rh8# 1-0

[Event "Mittelfranken-ch HT 58th"]
[Site "Postbauer"]
[Date "2009.04.07"]
[Round "1.2"]
[White "Rosin, Ralf"]
[Black "Heimrath, Reiner"]
[Result "1/2-1/2"]
[WhiteElo "2033"]
[BlackElo "2176"]
[PlyCount "196"]
[EventDate "2009.04.07"]
[EventType "swiss"]
[EventRounds "9"]
[EventCountry "GER"]
[SourceTitle "EXT 2011"]
[Source "ChessBase"]
[SourceDate "2010.11.26"]
[SourceVersion "1"]
[SourceVersionDate "2010.11.26"]
[SourceQuality "1"]

1. e4 e5 2. Nf3 Nc6 3. c3 d5 4. Qa4 f6 5. Bb5 Nge7 6. exd5 Qxd5 7. O-O Bd7 8.
Bc4 Qc5 9. d3 Nf5 10. b4 Qe7 11. b5 Nd8 12. Nbd2 g5 13. Re1 g4 14. Nd4 Nh4 15.
Ne4 Qg7 16. Nc2 Nf7 17. d4 Be7 18. Ba3 Nd6 19. dxe5 fxe5 20. Bxd6 cxd6 21. Rad1
h5 22. Ne3 Rh6 23. Bd5 Bg5 24. Nc4 Nf3+ 25. gxf3 gxf3 26. Ng3 h4 27. Bxf3 hxg3
28. fxg3 Bf4 29. Nxd6+ Rxd6 30. Rxd6 Bxg3 31. Rxd7 Bxh2+ 32. Kxh2 Qh6+ 33. Kg1
Kxd7 34. b6+ Ke6 35. Bg4+ Kf6 36. Rf1+ Kg7 37. Qd7+ Kh8 38. bxa7 Qe3+ 39. Kg2
Qe4+ 40. Bf3 Rg8+ 41. Kf2 Qc2+ 42. Ke1 Qxc3+ 43. Qd2 Qxd2+ 44. Kxd2 Ra8 45.
Bxb7 Rxa7 46. Rf7 Rxa2+ 47. Ke3 Ra4 48. Re7 Rb4 49. Bd5 Rh4 50. Rxe5 Kg7 51.
Re6 Rh6 52. Re5 Kf6 53. Kd4 Rh2 54. Re1 Rd2+ 55. Kc5 Rb2 56. Kd6 Rb6+ 57. Bc6
Ra6 58. Rf1+ Kg5 59. Kc5 Kg6 60. Bd5 Kg5 61. Kd4 Rf6 62. Re1 Rf5 63. Be4 Ra5
64. Rg1+ Kf4 65. Rf1+ Kg5 66. Bd5 Kg4 67. Ke5 Kg3 68. Rg1+ Kf2 69. Rg2+ Ke3 70.
Rg3+ Kf2 71. Rd3 Ke2 72. Rc3 Kd2 73. Rg3 Ra4 74. Bb3 Rh4 75. Kd5 Rh5+ 76. Kd4
Rh4+ 77. Kc5 Ke2 78. Bc4+ Kf2 79. Rd3 Rh5+ 80. Kd4 Rh4+ 81. Kc3 Re4 82. Rd2+
Ke3 83. Rd1 Kf4 84. Bd5 Ra4 85. Rf1+ Ke5 86. Bb3 Rh4 87. Bc2 Rf4 88. Re1+ Kd5
89. Bd3 Ra4 90. Bc2 Rf4 91. Kd3 Rd4+ 92. Ke3 Rh4 93. Bf5 Ra4 94. Rh1 Ra3+ 95.
Bd3 Ra4 96. Rh5+ Kd6 97. Bb5 Rb4 98. Kd3 Rg4 1/2-1/2